Toward a unified Korea : social, economic, political, and cultural impacts of the reunification of North and South Korea /

Bibliographic Details
Other Authors: Kim, Yun, Shin, Eui Hang
Format: Book
Language:English
Published: Columbia, SC : Center for Asian Studies, the Richard L. Walker Institute of International Studies, University of South Carolina, 1995.
Subjects:

MARC

Tag First Indicator Second Indicator Subfields
LEADER 00000cam a2200000 a 4500
001 in00001341221
005 20151005095304.0
008 960425s1995 scua b 000 0 eng
010 |a  96141536  
020 |a 0964785404 
035 |a (OCoLC)34775089 
035 |9 AHE8350AM 
040 |a DLC  |c DLC  |d TXA  |d UtOrBLW 
043 |a a-kr--- 
049 |a TXAM 
050 0 0 |a DS917.444  |b .T69 1995 
082 0 0 |a 951.904  |2 20 
245 0 0 |a Toward a unified Korea :  |b social, economic, political, and cultural impacts of the reunification of North and South Korea /  |c edited by Yun Kim and Eui Hang Shin. 
264 1 |a Columbia, SC :  |b Center for Asian Studies, the Richard L. Walker Institute of International Studies, University of South Carolina,  |c 1995. 
300 |a 270 pages :  |b illustrations ;  |c 24 cm. 
336 |a text  |b txt  |2 rdacontent 
337 |a unmediated  |b n  |2 rdamedia 
338 |a volume  |b nc  |2 rdacarrier 
500 |a "This volume is a product of an international conference, 'Toward a unified Korea: social, cultural, economic, political, and scientific and technological implications', organized by the Korean American University Professors Association (KAUPA) at the East-West Center of Honolulu, Hawaii, November 27-December 1, 1990. This conference [is] the fourth annual conference of KAUPA..."--Pref. 
504 |a Includes bibliographical references. 
650 0 |a Korean reunification question (1945- ) 
700 1 |a Kim, Yun. 
700 1 |a Shin, Eui Hang. 
999 |a MARS 
999 f f |s e734925d-5158-3cb7-9458-e4675c82409f  |i cebd6995-65ac-34cf-a07c-e7a908f512bc  |t 0 
952 f f |p ric  |a Texas A&M University  |b Rellis Campus  |c Joint Library Facility  |d Remote Storage  |t 0  |e DS917.444 .T69 1995  |h Library of Congress classification  |i unmediated -- volume  |m A14820739210 
998 f f |a DS917.444 .T69 1995  |t 0  |l Remote Storage